The Electron In Electronics (Record no. 180908)

000 -LEADER
fixed length control field 00669 a2200169 4500
003 - CONTROL NUMBER IDENTIFIER
control field Nust
005 - DATE AND TIME OF LATEST TRANSACTION
control field 20221208121950.0
040 ## - CATALOGING SOURCE
Transcribing agency Nust
082 ## - DEWEY DECIMAL CLASSIFICATION NUMBER
Classification number 530.41, SCR
100 ## - MAIN ENTRY--PERSONAL NAME
Personal name Scroggie .M.G
9 (RLIN) 79919
245 ## - TITLE STATEMENT
Title The Electron In Electronics
Statement of responsibility, etc. M.G . Scroggie
260 ## - PUBLICATION, DISTRIBUTION, ETC.
Place of publication, distribution, etc. London
Name of publisher, distributor, etc. Hayden pub
Date of publication, distribution, etc. 1965
300 ## - PHYSICAL DESCRIPTION
Extent 276:p
505 ## - FORMATTED CONTENTS NOTE
Formatted contents note Electronics and Physics (Page-1), Classical Science (Page-5), Discrepancies (Page-31), The Quantum Theory (Page-41), Wave and Particles (Page-61), Atoms (Page-88), Solids (Page-113), Semiconductors (Page-142), More about the Atom (Page-170), Relativity (Page-227).
650 ## - SUBJECT ADDED ENTRY--TOPICAL TERM
Topical term or geographic name entry element The Electron In Electronics
9 (RLIN) 104456
942 ## - ADDED ENTRY ELEMENTS (KOHA)
Source of classification or shelving scheme
Koha item type Book
Holdings
Withdrawn status Lost status Source of classification or shelving scheme Damaged status Not for loan Permanent Location Current Location Shelving location Date acquired Full call number Barcode Date last seen Price effective from Koha item type Public note
          Military College of Signals (MCS) Military College of Signals (MCS) General Stacks 12/12/2016 530.41, SCR MCS5382 12/08/2016 12/12/2016 Book Almirah No.16, Shelf No.1
© 2023 Central Library, National University of Sciences and Technology. All Rights Reserved.